Statistics for Animals beginning with the letter S

Click here to take the quiz!

General Stats

  • This quiz has been taken 77 times
  • The average score is 13 of 18

Answer Stats

ClueAnimal% Correct
Very slow moving tree dwelling mammalSloth
98%
The ugly duckling gre into oneSwan
96%
"Baa Baa Black _____"Sheep
92%
ArachnidSpider
88%
Crustacean that is often confused with a prawnShrimp
85%
Shelled creature that leaves a slimy trail in it's wakeSnail
85%
Hissing reptileSnake
85%
creature that leaves a slimy trail in it's wake without a shellSlug
83%
Pepe Le PewSkunk
79%
Animal that killed Steve IrwinStingray
77%
Common coast line birdSeagull
67%
Beethoven dogSaint Bernard
63%
Sea creature that generally has 5 armsStarfish
63%
Amphibian with a long slender body, related to the newtSalamander
58%
Small, ubiquitous brown bird found nearly everywhereSparrow
56%
Eight-legged AnthropodScorpion
50%
Medium-sized saharan cat that looks like a small cheetahServal
27%
Sheldon on Finding Nemo who is H20 intolerantSeahorse
19%

Score Distribution

Percentile by Number Answered

Percent of People with Each Score

Your Score History

You have not taken this quiz